| Tag |
First Indicator |
Second Indicator |
Subfields |
| LEADER |
00000cam a2200000 a 4500 |
| 001 |
in00000013136 |
| 005 |
20151007052331.0 |
| 008 |
860206s1985 ne af b 00010 eng |
| 010 |
|
|
|a 86114195
|
| 020 |
|
|
|a 9004071601 (pbk.)
|
| 035 |
|
|
|a (OCoLC)14239627
|
| 035 |
|
|
|9 AAA7347AM
|
| 040 |
|
|
|a DLC
|c DLC
|d OCL
|d m/c
|d TXA
|d UtOrBLW
|
| 043 |
|
|
|a n-gl---
|a n-cn---
|
| 049 |
|
|
|a TXAM
|c [A11047711]
|
| 050 |
0 |
0 |
|a E99.E7
|b K5397 1985
|
| 082 |
0 |
|
|a 299/.78
|2 19
|
| 100 |
1 |
|
|a Kleivan, Inge.
|
| 245 |
1 |
0 |
|a Eskimos, Greenland and Canada /
|c by I. Kleivan and B. Sonne.
|
| 264 |
|
1 |
|a Leiden :
|b E.J. Brill,
|c 1985.
|
| 300 |
|
|
|a ix, 43 pages, 48 pages of plates :
|b illustrations ;
|c 26 cm.
|
| 336 |
|
|
|a text
|b txt
|2 rdacontent
|
| 337 |
|
|
|a unmediated
|b n
|2 rdamedia
|
| 338 |
|
|
|a volume
|b nc
|2 rdacarrier
|
| 490 |
1 |
|
|a Iconography of religions. Section 8, Arctic peoples ;
|v fasc. 2
|
| 504 |
|
|
|a Bibliography: pages [vii]-ix.
|
| 650 |
|
0 |
|a Eskimo mythology
|z Greenland.
|
| 650 |
|
0 |
|a Eskimos
|z Greenland
|x Religion.
|
| 650 |
|
0 |
|a Eskimo mythology
|z Canada.
|
| 650 |
|
0 |
|a Eskimos
|z Canada
|x Religion.
|
| 650 |
|
0 |
|a Eskimo mythology
|z Greenland
|x Pictorial works.
|
| 650 |
|
0 |
|a Eskimos
|z Greenland
|x Religion
|x Pictorial works.
|
| 650 |
|
0 |
|a Eskimo mythology
|z Canada
|x Pictorial works.
|
| 650 |
|
0 |
|a Eskimos
|z Canada
|x Religion
|x Pictorial works.
|
| 700 |
1 |
|
|a Sonne, Birgitte.
|
| 830 |
|
0 |
|a Iconography of religions.
|n Section VIII,
|p Arctic peoples ;
|v fasc. 2.
|
| 999 |
|
|
|a MARS
|
| 999 |
f |
f |
|s dd6daa97-92e1-3ae7-8219-c169bb499d33
|i 61765ddb-7b4b-35cd-b1dc-078e1ffa1124
|t 0
|
| 952 |
f |
f |
|p ric
|a Texas A&M University
|b Rellis Campus
|c Joint Library Facility
|d Remote Storage
|t 0
|e E99.E7 K5397 1985
|h Library of Congress classification
|i unmediated -- volume
|m A14811047711
|
| 998 |
f |
f |
|a E99.E7 K5397 1985
|t 0
|l Remote Storage
|